000 00452nam a2200157Ia 4500
008 230312s9999||||xx |||||||||||||| ||und||
020 _a8324205329
082 _a621.38173
_bLIC-H
100 _aLicari, James J.
245 0 _aHybraid microcircuit techoogy handbook
260 _bCrest publsihing house
_aNew Delhi
_c2004
300 _a579
546 _aEng.
650 _aEngineering
_vMaterials, processes, design, testing and production
942 _cBK
999 _c1748
_d1748